[Event "FIDE World Cup 2021"]
[Site "Krasnaya Polyana RUS"]
[Date "2021.07.19"]
[Round "3.2"]
[White "Piorun, Kacper"]
[Black "Van Foreest, Jorden"]
[Result "1/2-1/2"]
[WhiteElo "2608"]
[BlackElo "2688"]
[PlyCount "66"]
[EventDate "2021.07.12"]

1. e4 c5 2. Nf3 Nc6 3. Bb5 e6 4. O-O Nd4 5. Nxd4 cxd4 6. c3 a6 7. Be2 Bc5 8. d3
Ne7 9. Nd2 Nc6 10. Nb3 Ba7 11. cxd4 Nxd4 12. Be3 Nxb3 13. Qxb3 Bxe3 14. fxe3
O-O 15. e5 d6 16. exd6 Qxd6 17. Bf3 Bd7 18. Rf2 Rab8 19. Rc1 Rfd8 20. d4 g6 21.
Rfc2 e5 22. dxe5 Qxe5 23. Bd5 Rf8 24. Rc7 Bc6 25. Bxf7+ Kh8 26. Re7 Qg7 27. Qc3
Qxc3 28. bxc3 Rbd8 29. Rf1 Rd2 30. e4 Rc2 31. Rf3 a5 32. a3 a4 33. c4 Re2
1/2-1/2

[Event "FIDE World Cup 2021"]
[Site "Krasnaya Polyana RUS"]
[Date "2021.07.19"]
[Round "3.2"]
[White "Krasenkow, Michal"]
[Black "Praggnanandhaa, R."]
[Result "1-0"]
[WhiteElo "2591"]
[BlackElo "2608"]
[PlyCount "87"]
[EventDate "2021.07.12"]

1. Nf3 d5 2. d4 Nf6 3. c4 dxc4 4. Nc3 a6 5. e4 b5 6. e5 Nd5 7. a4 e6 8. axb5
Bb4 9. Qc2 Nb6 10. Qe4 Qd5 11. Qg4 axb5 12. Rxa8 Qxa8 13. Qxg7 Bxc3+ 14. bxc3
Qa1 15. Qxh8+ Kd7 16. Be2 Qxc1+ 17. Bd1 Qxc3+ 18. Nd2 Nc6 19. Qxh7 Nxd4 20.
Qxf7+ Kc6 21. Qf4 Nd5 22. Qe4 Kc5 23. h4 Bb7 24. h5 Nb4 25. O-O Qxd2 26. Qxb7
Nd5 27. h6 c3 28. h7 Qh6 29. Qa7+ Kc4 30. Bg4 c2 31. Qa2+ Kb4 32. Qb2+ Kc4 33.
Re1 Nf4 34. h8=Q Qxh8 35. Re4 c5 36. Rxf4 Qxe5 37. Qxc2+ Kd5 38. Qd2 c4 39.
Rxd4+ Qxd4 40. Bxe6+ Kc5 41. Qxd4+ Kxd4 42. g4 Ke5 43. Bf7 Kf4 44. f3 1-0

[Event "FIDE World Cup 2021"]
[Site "Krasnaya Polyana RUS"]
[Date "2021.07.19"]
[Round "3.2"]
[White "Salem, A.R. Saleh"]
[Black "Brkic, Ante"]
[Result "0-1"]
[WhiteElo "2682"]
[BlackElo "2592"]
[PlyCount "110"]
[EventDate "2021.07.12"]

1. d4 Nf6 2. c4 e6 3. Nc3 Bb4 4. e3 O-O 5. Bd3 d5 6. Nf3 dxc4 7. Bxc4 c5 8. O-O
Nc6 9. Bd3 h6 10. a3 Ba5 11. dxc5 Bxc3 12. bxc3 Qa5 13. Qc2 Qxc5 14. a4 Qa5 15.
Ba3 Rd8 16. Rab1 e5 17. Bc4 Qc7 18. h3 e4 19. Nd4 Nxd4 20. cxd4 Be6 21. Bb3
Qxc2 22. Bxc2 Rac8 23. Rb2 Rc3 24. Bb4 Rc7 25. Bd2 Rdc8 26. Bb1 b6 27. Re1 Bd7
28. a5 b5 29. f3 Bc6 30. Kf2 a6 31. Rc1 Bd5 32. Rxc7 Rxc7 33. Bb4 Rc1 34. Be7
exf3 35. gxf3 Bc4 36. Bb4 Nd5 37. Bd2 Rf1+ 38. Kg2 g5 39. Bf5 Ra1 40. Be4 Kg7
41. Kf2 Rf1+ 42. Kg2 Ra1 43. h4 gxh4 44. Bf5 Ra3 45. e4 Ne3+ 46. Bxe3 Rxe3 47.
Bc8 Ra3 48. d5 Rxa5 49. Kh3 Ra3 50. Kg4 a5 51. f4 a4 52. Kf5 Rd3 53. Rg2+ Rg3
54. Rd2 a3 55. d6 a2 0-1

[Event "FIDE World Cup 2021"]
[Site "Krasnaya Polyana RUS"]
[Date "2021.07.19"]
[Round "3.2"]
[White "Georgiev, Kiril"]
[Black "Korobov, Anton"]
[Result "1/2-1/2"]
[WhiteElo "2594"]
[BlackElo "2683"]
[PlyCount "168"]
[EventDate "2021.07.12"]

1. d4 d5 2. c4 e6 3. Nf3 Nf6 4. Nc3 c6 5. g3 Nbd7 6. Bg2 dxc4 7. O-O Be7 8. a4
O-O 9. Nd2 e5 10. Nxc4 exd4 11. Qxd4 Nb6 12. Qxd8 Rxd8 13. Nxb6 axb6 14. Bf4
Be6 15. Rfc1 Nd7 16. Ne4 Nc5 17. Nxc5 bxc5 18. a5 c4 19. Be5 Bf6 20. Bxf6 gxf6
21. e3 Ra6 22. Bf1 Rda8 23. Bxc4 Rxa5 24. Rxa5 Rxa5 25. b4 Re5 26. Bd3 Rd5 27.
Rc3 h6 28. Kf1 Kf8 29. Ke2 Ke7 30. f3 Rd8 31. Ra3 Kd6 32. e4 b6 33. Ke3 c5 34.
bxc5+ bxc5 35. Ra6+ Kc7 36. f4 Kb7 37. Be2 Ra8 38. Rxa8 Kxa8 39. g4 Kb7 40. h4
Kc7 41. h5 Kd8 42. g5 fxg5 43. fxg5 Ke7 44. gxh6 Kf8 45. e5 Kg8 46. Bd3 Kh8 47.
Bc2 Ba2 48. Bf5 Bd5 49. Kd3 Kg8 50. Kc3 Kh8 51. Bd3 Kg8 52. Kb2 Kh8 53. Ka3 Kg8
54. Ka4 c4 55. Bc2 Bf3 56. Kb4 Be2 57. Be4 Bd3 58. Bd5 Be2 59. h7+ Kxh7 60.
Bxf7 Kg7 61. Bg6 Bf1 62. Kc3 Be2 63. Kd2 Bg4 64. Ke3 Kh6 65. Kd4 Be6 66. Be8
Kg5 67. Bg6 Kh6 68. Ke4 Kg5 69. Ke3 Bg8 70. Kd4 Be6 71. Be8 Bg8 72. Bb5 Bf7 73.
Bxc4 Bxh5 74. Kc5 Bg4 75. Kd6 Kg6 76. Be6 Be2 77. Ke7 Kg7 78. Bd7 Bc4 79. Bc6
Bb3 80. Be4 Bc4 81. Bf5 Bb3 82. Bd7 Bc4 83. Be6 Be2 84. Kd6 Kf8 1/2-1/2

[Event "FIDE World Cup 2021"]
[Site "Krasnaya Polyana RUS"]
[Date "2021.07.19"]
[Round "3.2"]
[White "Fedoseev, Vladimir3"]
[Black "Gareyev, Timur"]
[Result "1/2-1/2"]
[WhiteElo "2696"]
[BlackElo "2596"]
[PlyCount "66"]
[EventDate "2021.07.12"]

1. d4 Nf6 2. c4 c5 3. d5 b5 4. cxb5 a6 5. bxa6 g6 6. Nc3 Bxa6 7. Nf3 Bg7 8. e4
Bxf1 9. Kxf1 d6 10. g3 Nbd7 11. Kg2 O-O 12. a4 Ra6 13. Re1 Qa8 14. Ra3 Rc8 15.
b3 e6 16. dxe6 fxe6 17. Nb5 Nxe4 18. Rxe4 Qxe4 19. Nxd6 Rxd6 20. Qxd6 Rf8 21.
b4 cxb4 22. Re3 Qd5 23. Qxd5 exd5 24. Bd2 Rb8 25. Rb3 Bf8 26. a5 Ra8 27. Nd4
Rxa5 28. Bxb4 Ra4 29. Bxf8 Rxd4 30. Bd6 Kf7 31. Re3 Re4 32. Rxe4 dxe4 33. f3
Ke6 1/2-1/2

[Event "FIDE World Cup 2021"]
[Site "Krasnaya Polyana RUS"]
[Date "2021.07.19"]
[Round "3.2"]
[White "Areshchenko, Alexander"]
[Black "Shankland, Sam"]
[Result "1/2-1/2"]
[WhiteElo "2687"]
[BlackElo "2709"]
[PlyCount "146"]
[EventDate "2021.07.12"]

1. e4 c5 2. Nf3 e6 3. d4 cxd4 4. Nxd4 Nf6 5. Nc3 Nc6 6. Ndb5 Bb4 7. a3 Bxc3+ 8.
Nxc3 d5 9. exd5 exd5 10. Bd3 O-O 11. O-O Bg4 12. Ne2 Re8 13. f3 Bh5 14. Nf4 Bg6
15. Nxg6 Qb6+ 16. Kh1 hxg6 17. b3 Ne5 18. Be2 Rac8 19. a4 Qc5 20. Bb5 Red8 21.
Ba3 Qc7 22. Re1 d4 23. Bf1 Rd5 24. Rc1 Qd7 25. Qd2 Qf5 26. Bb2 g5 27. Bxd4 Rcd8
28. c3 Nc6 29. Bd3 Qd7 30. Bc4 Nxd4 31. cxd4 Rf5 32. Rcd1 g6 33. d5 Qd6 34. Qe2
Re8 35. Qd3 Rfe5 36. Rxe5 Rxe5 37. g3 a6 38. a5 g4 39. f4 Re4 40. Kg2 Kf8 41.
Qc3 Kg8 42. Qd2 Kf8 43. Kf1 Kg8 44. Kg2 Kf8 45. Rf1 Kg7 46. f5 Qe5 47. fxg6
fxg6 48. Rd1 Ne8 49. Bf1 Nd6 50. Kg1 Nf5 51. d6 Rd4 52. Qc3 Qxd6 53. Re1 Kh6
54. Bg2 b6 55. axb6 Qxb6 56. Kh1 Qd6 57. Qc1+ Kh5 58. Rf1 Rd2 59. Qc3 Rd1 60.
Qc2 Rxf1+ 61. Bxf1 a5 62. Bd3 Ne3 63. Qe2 Qe5 64. Kg1 Qd4 65. h3 Kg5 66. hxg4
Nxg4+ 67. Kg2 Ne5 68. Be4 Kh6 69. Bb7 Kg7 70. Qf2 Qd3 71. Qe1 Qc2+ 72. Kh1 Qc5
73. Qd2 Qb6 1/2-1/2

[Event "FIDE World Cup 2021"]
[Site "Krasnaya Polyana RUS"]
[Date "2021.07.19"]
[Round "3.2"]
[White "Matlakov, Maxim"]
[Black "Wojtaszek, Radoslaw"]
[Result "1/2-1/2"]
[WhiteElo "2688"]
[BlackElo "2691"]
[PlyCount "60"]
[EventDate "2021.07.12"]

1. d4 Nf6 2. c4 e6 3. g3 d5 4. Nf3 Bb4+ 5. Bd2 Be7 6. Bg2 O-O 7. O-O Nbd7 8.
Qc2 c6 9. Bf4 b6 10. Nbd2 Nh5 11. e3 Nxf4 12. exf4 Nf6 13. Ne5 Bb7 14. cxd5
cxd5 15. Rfc1 Rc8 16. Qa4 a6 17. Bf1 Qd6 18. a3 Rc7 19. Rxc7 Qxc7 20. Re1 Rc8
21. Bd3 b5 22. Qd1 Qb6 23. Ndf3 Ne4 24. Qe2 f6 25. Ng4 b4 26. axb4 Bxb4 27. Ra1
a5 28. h4 Bc6 29. Rc1 Rc7 30. Ne3 Bd7 1/2-1/2